[Event "gorzyce wielkie"]
[Site "?"]
[Date "2020.02.08"]
[Round "9.16"]
[White "Soroczynski, Patryk"]
[Black "Maslinski, Piotr"]
[Result "*"]
[BlackElo "1450"]
[WhiteElo "1269"]
[LiveChessVersion "1.4.8"]

1. e4 c6 2. d4 d5 3. Nc3 dxe4 4. Nxe4 Bf5 5. Ng3 Bg6 6. Nh3 e6 7. Nf4 Bd6 8. Nxg6
hxg6 9. c3 Nf6 10. Bc4 Qc7 11. Qf3 Nbd7 12. Bg5 Rc8 13. O-O-O Nb6 14. Bb3 Nbd5
15. Bxd5 cxd5 16. Bxf6 Bf4+ 17. Kb1 gxf6 18. Ne2 Bg5 19. g3 f5 20. h4 Bh6 21. Nc1
b5 22. Qe2 Qc4 23. Qe5 O-O 24. Nd3 a5 25. Qd6 b4 26. Ne5 Qe2 27. cxb4 Rc2 28. Nd3
Rfc8 29. Rhe1 Qxd3 30. a3 Rc1+ *

[Event "gorzyce wielkie"]
[Site "?"]
[Date "2020.02.08"]
[Round "9.18"]
[White "Golinski, Kacper"]
[Black "Lamek, Dawid"]
[Result "*"]
[BlackElo "1057"]
[WhiteElo "1697"]
[LiveChessVersion "1.4.8"]

1. e4 g6 2. d4 Bg7 3. Nc3 c5 4. Nf3 Qa5 5. Be3 Nf6 6. Qd2 Nc6 7. d5 Nb4 8. Rd1
O-O 9. a3 Na6 10. Bd3 d6 11. h3 Bd7 12. O-O Nc7 13. b4 cxb4 14. axb4 Qxb4 15. Rb1
Qa5 16. Ra1 Qb4 17. Nd4 Nfxd5 18. exd5 Bxd4 19. Bxd4 Qxd4 20. Rfe1 Nxd5 21. Nxd5
Qxd5 22. Ra5 Qd4 23. Rxe7 Bc6 24. Qh6 Rae8 25. Rxe8 Rxe8 26. Rh5 Qg7 27. Qg5 gxh5
*

[Event "gorzyce wielkie"]
[Site "?"]
[Date "2020.02.08"]
[Round "9.19"]
[White "Rozanski, Mateusz"]
[Black "Majcher, Igor"]
[Result "*"]
[BlackElo "1335"]
[WhiteElo "1325"]
[LiveChessVersion "1.4.8"]

1. e4 c5 2. Be2 g6 3. f4 Bg7 4. Nf3 Nc6 5. O-O d6 6. d3 Nf6 7. Qe1 Bg4 8. Qh4
Bxf3 9. Bxf3 Nd4 10. Bd1 Qd7 11. c3 Nc6 12. Nd2 b5 13. Nf3 b4 14. Bd2 Rb8 15. Ba4
O-O 16. cxb4 Qc7 17. bxc5 dxc5 18. Bxc6 Qxc6 19. Bc3 c4 20. e5 Nd5 21. d4 Ne3 22.
Rfc1 Qd7 23. Qe1 Nd5 24. Qe4 Rfd8 25. Nd2 Qg4 26. g3 Bh6 27. Qf3 *

[Event "gorzyce wielkie"]
[Site "?"]
[Date "2020.02.08"]
[Round "9.20"]
[White "Katny, Robert"]
[Black "Anders, Marcin"]
[Result "*"]
[BlackElo "1589"]
[WhiteElo "1350"]
[LiveChessVersion "1.4.8"]

1. d4 d5 2. Nf3 Nf6 3. Bg5 e6 4. e3 Be7 5. Nbd2 Nbd7 6. Bd3 h6 7. Bh4 c6 8. c3 b6
9. Rc1 Bb7 10. O-O O-O 11. Re1 Rc8 12. h3 Re8 13. Bg3 c5 14. a3 c4 15. Bb1 b5 16.
Ne5 Nxe5 17. Bxe5 Nd7 18. Qc2 Nf8 19. Nf3 a5 20. Qe2 b4 21. axb4 axb4 22. Bc2 b3
23. Bb1 Ra8 24. Nd2 Bd6 25. Bxd6 Qxd6 26. e4 Qd7 27. e5 Bc6 28. f4 Qe7 29. Rf1 g6
30. g4 Kg7 31. Qg2 f6 32. Rce1 fxe5 33. Rxe5 Nd7 34. Re2 Qd6 35. Nf3 Rf8 36. Ne5
Nxe5 37. Rxe5 Bd7 38. f5 g5 39. fxe6 Bxe6 40. Rfe1 Bg8 41. Qg3 Qf6 42. Bf5 Ra2
43. R1e2 Rfa8 44. Re7+ Kh8 45. Qc7 R8a7 46. Qd8 Rxe7 47. Rxe7 Ra7 48. Rh7+ *

[Event "gorzyce wielkie"]
[Site "?"]
[Date "2020.02.08"]
[Round "9.27"]
[White "Jedrzejewska, Zuzanna"]
[Black "Michalska, Lena"]
[Result "*"]
[BlackElo "1093"]
[WhiteElo "1174"]
[LiveChessVersion "1.4.8"]

1. d4 Nf6 2. Bf4 e6 3. Nf3 c5 4. e3 Qb6 5. Nbd2 d5 6. Be2 Nc6 7. O-O cxd4 8. exd4
Nxd4 9. Nxd4 Qxd4 10. Be3 Qe5 11. Nf3 Qc7 12. c4 Bd6 13. Rc1 Qe7 14. Bg5 O-O 15.
Bd3 dxc4 16. Rxc4 Rd8 17. Qc2 h6 18. Bh4 Bd7 19. a4 Rac8 20. Nd2 g5 21. Bg3 Bxg3
22. hxg3 Rxc4 23. Nxc4 Nd5 24. Qe2 Nf6 25. b3 Bc6 26. f4 g4 27. Ne5 Qc5+ 28. Kh2
Qc3 29. Nxc6 bxc6 30. Rd1 Kg7 31. f5 e5 32. Bc4 Rxd1 33. Qxd1 Qd4 34. Qe2 h5 35.
Qe1 Nd5 36. Qa5 e4 37. Qd8 e3 38. Qg5+ Kf8 39. Qd8+ Kg7 40. Qg5+ Kf8 41. Qd8+ *

[Event "gorzyce wielkie"]
[Site "?"]
[Date "2020.02.08"]
[Round "9.28"]
[White "Czyz, Andrzej"]
[Black "Roszkiewicz, Anna"]
[Result "*"]
[BlackElo "1612"]
[WhiteElo "2000"]
[LiveChessVersion "1.4.8"]

1. b4 e5 2. Bb2 Bxb4 3. Bxe5 Nf6 4. Nf3 Nc6 5. Bb2 O-O 6. e3 d5 7. Be2 Qe7 8. O-O
h6 9. d3 Bf5 10. Nbd2 Rad8 11. Rb1 b6 12. c3 Ba3 13. Ba1 Bd6 14. Re1 Ne5 15. Qc2
c5 16. e4 dxe4 17. dxe4 Nxf3+ 18. Bxf3 Bg6 19. Rbd1 Rfe8 20. c4 Be5 21. Bc3 Bxc3
22. Qxc3 Qe5 23. Qe3 Rd4 24. g3 Nxe4 25. Bxe4 Bxe4 26. f3 Bc2 27. Qf2 Bxd1 28.
Rxe5 Rxe5 29. Ne4 Bxf3 30. Nf6+ gxf6 31. Qxf3 Kg7 32. Kg2 Rxc4 33. a3 Rce4 34.
Kh3 c4 35. a4 a6 36. Qd1 b5 37. axb5 axb5 38. g4 b4 39. Kh4 b3 40. h3 Re1 41. Qd4
R5e4 42. Qc3 Re8 43. Qa5 b2 44. Qb4 Rb8 45. Qd2 Ree8 46. g5 hxg5+ 47. Kh5 b1=Q *

[Event "gorzyce wielkie"]
[Site "?"]
[Date "2020.02.08"]
[Round "9.29"]
[White "Krych, Dominik"]
[Black "Sobczak, Miroslaw"]
[Result "*"]
[BlackElo "1886"]
[WhiteElo "1443"]
[LiveChessVersion "1.4.8"]

1. d4 Nf6 2. c4 d6 3. Nc3 g6 4. e4 Bg7 5. Be2 O-O 6. Bg5 c5 7. d5 Qa5 8. Bd2 a6
9. f4 e6 10. Qc2 exd5 11. Nxd5 Qd8 12. Bc3 Nxd5 13. Bxg7 Kxg7 14. cxd5 Re8 15.
O-O-O Qa5 16. Nf3 b5 17. Kb1 Rxe4 18. h4 Ra4 19. b3 c4 20. Nd4 cxb3 21. Qb2 bxa2+
22. Ka1 Kg8 23. h5 Rb4 24. Nb3 Qd8 25. hxg6 fxg6 26. Rxh7 Kxh7 27. Rh1+ Kg8 28.
Qh8+ Kf7 29. Rh7# *

[Event "gorzyce wielkie"]
[Site "?"]
[Date "2020.02.08"]
[Round "9.30"]
[White "Nicikowski, Jozef"]
[Black "Duszczak, Dariusz"]
[Result "*"]
[BlackElo "1841"]
[WhiteElo "1435"]
[LiveChessVersion "1.4.8"]

1. e4 c5 2. d3 Nc6 3. g3 Nf6 4. Bg2 d5 5. Nd2 e5 6. Ngf3 Be7 7. O-O O-O 8. exd5
Nxd5 9. h3 Be6 10. Re1 Qc7 11. Nc4 f6 12. a4 Rad8 13. Bd2 b6 14. Qe2 a6 15. g4 b5
16. axb5 axb5 17. Na5 Ncb4 18. Nb3 Qd7 19. Nxe5 fxe5 20. Qxe5 Nxc2 21. Qxe6+ Qxe6
22. Rxe6 Nxa1 23. Nxa1 Bh4 24. Be3 Nxe3 25. fxe3 Rxd3 26. Nc2 Rf2 27. Re5 Rxc2
28. Rf5 Rd1+ 29. Kh2 Rdd2 *

[Event "gorzyce wielkie"]
[Site "?"]
[Date "2020.02.08"]
[Round "9.31"]
[White "Kozlowski, Tomasz"]
[Black "Andrzejewska, Maja"]
[Result "*"]
[BlackElo "1314"]
[WhiteElo "1835"]
[LiveChessVersion "1.4.8"]

1. e4 c5 2. Nc3 Nc6 3. f4 e6 4. Nf3 d5 5. Bb5 a6 6. Bxc6+ bxc6 7. d3 Bd6 8. Qe2
Ne7 9. O-O O-O 10. g4 f5 11. gxf5 exf5 12. e5 Bb8 13. Kh1 Ng6 14. Bd2 d4 15. Na4
Ba7 16. Ng5 h6 17. Nf3 Be6 18. c4 dxc3 19. bxc3 c4 20. dxc4 Nh4 21. Nb2 Rb8 22.
Be1 Nxf3 23. Qxf3 Rxb2 24. Qxc6 Qa8 25. Qxa8 Rxa8 *

[Event "gorzyce wielkie"]
[Site "?"]
[Date "2020.02.08"]
[Round "9.32"]
[White "Rozmiarek, Krzysztof"]
[Black "Huchwajda, Grzegorz"]
[Result "*"]
[BlackElo "1470"]
[WhiteElo "1623"]
[LiveChessVersion "1.4.8"]

1. c4 Nf6 2. Nf3 e6 3. g3 d5 4. b3 c5 5. Bg2 Nc6 6. O-O Be7 7. Bb2 O-O 8. d3 b6
9. Nbd2 Bb7 10. Re1 d4 11. h4 Qc7 12. Bc1 Rad8 13. Ng5 h6 14. Nh3 Rfe8 15. Nf1 e5
16. Bd2 Bd6 17. Qc1 Kh7 18. Rb1 e4 19. Nf4 exd3 20. exd3 Rxe1 21. Qxe1 Re8 22.
Qd1 Ne5 23. Nd5 Bxd5 24. cxd5 Kg8 25. Bf4 Ng6 26. Bd2 Qd7 27. f4 Ne7 28. Qf3 Qg4
29. Re1 Qxf3 30. Bxf3 Kf8 31. g4 Nfxd5 32. f5 Bf4 33. Rxe7 Rxe7 34. Bxd5 Bxd2 35.
Nxd2 Re2 36. Ne4 Rxa2 37. g5 hxg5 38. Nxg5 Rd2 39. Bc4 Ra2 40. Bxf7 a5 41. Bc4
Rb2 42. Ne6+ Ke7 43. Nf4 b5 44. Be6 a4 45. bxa4 bxa4 46. Nd5+ Kd6 47. h5 a3 48.
Nf4 a2 49. Bxa2 Rxa2 50. Ne6 Ra7 51. Kf2 Kd5 52. Nf4+ Ke5 53. Ne6 Kd6 54. Kf3 Re7
55. Nf4 Re3+ 56. Kg4 c4 57. dxc4 d3 58. Nd5 Re4+ 59. Kg5 Rxc4 60. Ne3 Re4 61. Nd1
Ke7 62. Nf2 d2 63. Nxe4 d1=Q 64. Kg6 Kf8 65. Ng5 Qg4 66. f6 gxf6 67. Kxf6 Qxh5
68. Ne4 Qf3+ 69. Ke5 Ke7 70. Kd4 Qf4 71. Kd5 Kd7 72. Nc5+ Ke7 73. Ne4 Qc7 74. Kd4
Qb6+ 75. Kd5 Qb3+ 76. Ke5 Qb5+ 77. Kd4 Ke6 78. Nc5+ Kf5 79. Kd5 Qa5 80. Kd4 Qd8+
81. Kc4 Qa5 82. Kd5 Qb5 83. Kd4 Qb4+ 84. Kd5 Qd2+ 85. Kc4 Ke5 86. Nd3+ Kd6 87.
Kd4 Qd1 88. Ke4 Qc2 89. Kd4 Qa4+ 90. Ke3 Qe8+ 91. Kd4 Qe2 92. Kc4 Qe4+ 93. Kc3
Qf3 94. Kd4 Qf6+ 95. Ke4 Qh4+ 96. Nf4 Qh7+ 97. Kd4 Qg7+ 98. Ke4 Qe5+ 99. Kf3 Qc3+
100. Ke4 Qe5+ 101. Kf3 Qf5 102. Ke3 Kc5 103. Nd3+ Kc4 104. Nf4 Qe5+ 105. Kf3 Kd4
106. Ne2+ Kd3 107. Nf4+ Kd2 108. Ng2 Qg5 109. Nf4 *

[Event "gorzyce wielkie"]
[Site "?"]
[Date "2020.02.08"]
[Round "9.33"]
[White "Geselle, Roman"]
[Black "Piotrowski, Daniel"]
[Result "*"]
[BlackElo "1619"]
[WhiteElo "1402"]
[LiveChessVersion "1.4.8"]

1. d4 c5 2. dxc5 e6 3. b4 a5 4. c3 Na6 5. a3 Nf6 6. Bb2 b6 7. cxb6 Qxb6 8. e3 Bb7
9. b5 Nc5 10. a4 d5 11. Nf3 Bd6 12. Be2 Rc8 13. O-O Bb8 14. Nd4 Qc7 15. g3 O-O
16. Nd2 e5 17. N4f3 Rfe8 18. Nh4 Qd7 19. Kg2 d4+ 20. Kg1 d3 21. Bf3 e4 22. Bh1 g5
23. Ng2 Qh3 24. f3 exf3 25. Nxf3 Ng4 26. Nge1 Nxe3 27. Qd2 Qxf1# *

[Event "gorzyce wielkie"]
[Site "?"]
[Date "2020.02.08"]
[Round "9.34"]
[White "Stanislawski, Karol"]
[Black "Zurawski, Mateusz"]
[Result "*"]
[BlackElo "1516"]
[WhiteElo "1205"]
[LiveChessVersion "1.4.8"]

1. d4 f5 2. c4 Nf6 3. Nc3 g6 4. Nf3 Bg7 5. g3 O-O 6. Bg2 d6 7. O-O c6 8. d5 e5 9.
dxe6 Bxe6 10. b3 Qe7 11. Bb2 Na6 12. Qd2 Rad8 13. Rfd1 h6 14. Nd4 Bf7 15. Bxc6
bxc6 16. Nxc6 Qc7 17. Nxd8 Rxd8 18. Nb5 Qb6 19. Bd4 Nc5 20. b4 Nfe4 21. Qe3 Bxd4
22. Qxd4 Na4 23. f3 Nec3 24. Nxc3 Nxc3 25. Qxb6 axb6 26. Rd2 Bxc4 27. Kf2 b5 28.
Rc1 Na4 29. Rcd1 d5 30. e4 fxe4 31. fxe4 Nc3 32. Re1 Rf8+ 33. Kg2 Nxe4 34. Rc2
Ra8 35. Ra1 Ra3 36. Rb2 d4 37. Rd1 d3 38. Kf3 Nc3 39. Rdd2 Rxa2 40. Rxa2 Nxa2 41.
Ke3 Nxb4 42. Kd4 Nc2+ 43. Kc3 Ne3 44. Kd4 Nf1 45. Rb2 d2 46. Rb1 Be2 *

[Event "gorzyce wielkie"]
[Site "?"]
[Date "2020.02.08"]
[Round "9.35"]
[White "Dachtera, Piotr"]
[Black "Pieczewska, Gabriela"]
[Result "*"]
[BlackElo "1295"]
[WhiteElo "1539"]
[LiveChessVersion "1.4.8"]

1. e4 e6 2. d4 d5 3. exd5 exd5 4. Nf3 Bg4 5. c4 Bb4+ 6. Nc3 Ne7 7. a3 Bxc3+ 8.
bxc3 O-O 9. Rb1 b6 10. Be2 Nd7 11. cxd5 Nxd5 12. Qb3 c6 13. O-O Qc7 14. c4 Nf4
15. Bd1 Rfe8 16. Be3 Nf6 17. Ne5 Bxd1 18. Rfxd1 Ne6 19. f3 Rad8 20. Qc3 h6 21.
Nd3 Re7 22. Rd2 Red7 23. Nf2 Qb7 24. Ne4 Nh5 25. c5 b5 26. a4 a6 27. axb5 axb5
28. Nd6 Qc7 29. Ra1 Nf6 30. Rda2 Nd5 31. Qc1 Rb8 32. Bf2 Nb4 33. Ra7 Qd8 34. Bg3
Nxd4 35. Qb2 Nbc2 36. Rxd7 Qxd7 37. Rd1 Ne2+ 38. Kf2 Ncd4 39. Be5 Nf4 40. Bxf4 *

[Event "gorzyce wielkie"]
[Site "?"]
[Date "2020.02.08"]
[Round "9.37"]
[White "Lakowski, Filip"]
[Black "Dopierala, Adam"]
[Result "*"]
[BlackElo "1315"]
[WhiteElo "1272"]
[LiveChessVersion "1.4.8"]

1. e4 e5 2. Nf3 Nc6 3. Bc4 Bc5 4. d3 Nf6 5. c3 d6 6. h3 O-O 7. Bb3 h6 8. Nbd2 Bb6
9. Nf1 Ne7 10. N3h2 c6 11. Qf3 Ng6 12. Qg3 Kh7 13. Ng4 Nh5 14. Qh2 f5 15. Nge3
fxe4 16. dxe4 Qf6 17. g3 Qe7 *

[Event "gorzyce wielkie"]
[Site "?"]
[Date "2020.02.08"]
[Round "9.38"]
[White "Golinska, Patrycja"]
[Black "Ullrich, Karol"]
[Result "*"]
[BlackElo "1306"]
[WhiteElo "1155"]
[LiveChessVersion "1.4.8"]

1. e4 c6 2. d4 d5 3. exd5 cxd5 4. Nc3 Nf6 5. Nf3 Nc6 6. Be2 Bg4 7. h3 Bh5 8. Bf4
e6 9. Nb5 Rc8 10. O-O a6 11. Nc3 Bd6 12. Bxd6 Qxd6 13. Re1 O-O 14. a3 Rfd8 15.
Qd3 Bg6 16. Qd2 Ne4 17. Qd1 Nxc3 18. bxc3 Na5 19. Bd3 Rxc3 20. Bxg6 hxg6 21. Re3
Rxe3 22. fxe3 Nc4 23. Qd3 b5 24. Nd2 Rc8 25. Nxc4 Rxc4 26. Qb3 Qc6 27. Ra2 Rc3
28. Qb4 Rxe3 29. Qe7 Qc8 30. Ra1 Re4 31. Rf1 f6 32. Rf2 Rxd4 33. Re2 e5 34. Qd6
Kh7 35. Kf2 Rf4+ 36. Kg3 Qc4 37. Re1 Qc3+ *

[Event "gorzyce wielkie"]
[Site "?"]
[Date "2020.02.08"]
[Round "9.39"]
[White "Szafranski, Maciej"]
[Black "Cichon, Ludwik"]
[Result "*"]
[BlackElo "1192"]
[WhiteElo "1393"]
[LiveChessVersion "1.4.8"]

1. e4 e5 2. Nf3 Nc6 3. Bb5 d6 4. Bxc6+ bxc6 5. h3 Be7 6. O-O Nf6 7. Re1 O-O 8. c3
c5 9. d4 cxd4 10. cxd4 exd4 11. Nxd4 Bb7 12. Nc3 Nd7 13. Nf5 Bf6 14. Qc2 a6 15.
Be3 g6 16. Nh6+ Kg7 17. Ng4 Bg5 18. f4 Be7 19. f5 h5 20. Bh6+ Kg8 21. Bxf8 Qxf8
22. Nf2 gxf5 23. exf5 Bh4 24. Re2 Qg7 25. Nfe4 Ne5 26. Rf1 Nc6 27. Qd3 Ne5 28.
Qd1 a5 29. Rf4 Bg5 30. Nxg5 Qxg5 31. Qd2 Qg7 32. f6 Qg6 33. Nd5 Kh8 34. Kh2 Bxd5
35. Qxd5 Rg8 36. Qe4 Qg3+ 37. Kh1 Rg6 38. Rf5 Rh6 39. Qf4 Qg6 40. Qe4 Qg3 41.
Rxe5 dxe5 42. Qxe5 Qg6 43. Qxc7 Qxf6 44. Qe5 Kh7 45. Qxf6 Rxf6 46. Re5 Kg6 47.
Rxa5 Rf1+ 48. Kh2 Rf2 49. b4 Rb2 50. a3 Rb3 51. b5 h4 52. a4 Rb4 53. Ra6+ Kf5 54.
b6 Ke6 55. a5 Kd6 56. b7+ Kc7 57. Rb6 Rxb6 58. axb6+ Kxb7 59. Kg1 Kxb6 60. Kf2
Kc6 61. Kf3 Kd6 62. Kg4 Ke6 63. Kxh4 Kf6 64. Kg4 Kg6 65. Kf4 Kf6 66. g4 Kg6 67.
h4 Kh7 68. Kf5 Kg8 69. Kf6 Kf8 70. h5 Kg8 71. h6 Kh7 72. Kxf7 Kxh6 73. Kf6 Kh7
74. g5 Kh8 75. g6 Kg8 76. g7 *

[Event "gorzyce wielkie"]
[Site "?"]
[Date "2020.02.08"]
[Round "9.40"]
[White "Zak, Mateusz"]
[Black "Lesien, Tymoteusz"]
[Result "*"]
[BlackElo "1198"]
[WhiteElo "1375"]
[LiveChessVersion "1.4.8"]

1. d4 Nf6 2. c4 c5 3. Nf3 g6 4. Bg5 Qb6 5. b3 Bg7 6. dxc5 Qxc5 7. Be3 Qb4+ 8. Bd2
Qb6 9. Nc3 Ng4 10. e3 d6 11. h3 Nf6 12. Bd3 Nc6 13. Rc1 O-O 14. Na4 Qc7 15. O-O
Rd8 16. Bc3 Ne5 17. Nxe5 dxe5 18. Qc2 Bd7 19. Nb2 Bc6 20. Rfd1 e4 21. Be2 Rxd1+
22. Rxd1 Rd8 23. b4 a6 24. b5 Rxd1+ 25. Qxd1 axb5 26. cxb5 Bxb5 27. Bxf6 Bxe2 28.
Qxe2 Bxf6 29. Nc4 b5 30. Na3 Qc1+ *

[Event "gorzyce wielkie"]
[Site "?"]
[Date "2020.02.08"]
[Round "9.41"]
[White "Cholewa, Jan"]
[Black "Nowak, Patrycja"]
[Result "*"]
[BlackElo "1297"]
[WhiteElo "1192"]
[LiveChessVersion "1.4.8"]

1. e4 c6 2. d4 d5 3. Nc3 dxe4 4. Nxe4 Bf5 5. Ng3 Bg6 6. Nf3 Nd7 7. Bd3 e6 8. O-O
Ngf6 9. Bf4 Be7 10. c3 O-O 11. Re1 Qb6 12. Bxg6 hxg6 13. Qb3 Qxb3 14. axb3 c5 15.
Be3 Nd5 16. Ne5 f6 17. dxc5 *

[Event "gorzyce wielkie"]
[Site "?"]
[Date "2020.02.08"]
[Round "9.43"]
[White "Purczynski, Andrzej"]
[Black "Pieczewska, Jadwiga"]
[Result "*"]
[BlackElo "1108"]
[WhiteElo "1248"]
[LiveChessVersion "1.4.8"]

1. b4 e6 2. Bb2 d5 3. e3 Nf6 4. b5 Be7 5. c4 O-O 6. Nf3 c5 7. d4 cxd4 8. Bxd4
dxc4 9. Bxc4 Qa5+ 10. Bc3 Bb4 11. Qc2 Bd7 12. a3 Bxc3+ 13. Qxc3 Qxc3+ 14. Nxc3
Rc8 15. Nd2 Ng4 16. Nce4 Ne5 17. Be2 h6 18. O-O Rc2 19. Rfc1 Rb2 20. Rcb1 Rxb1+
21. Rxb1 a6 22. a4 axb5 23. axb5 Ra2 24. f4 Ng6 25. Bc4 Ra3 26. Kf2 Ne7 *

[Event "gorzyce wielkie"]
[Site "?"]
[Date "2020.02.08"]
[Round "9.44"]
[White "Niemier, Martyna"]
[Black "Gac-Mytych, Sara"]
[Result "*"]
[BlackElo "1042"]
[WhiteElo "1231"]
[LiveChessVersion "1.4.8"]

1. d4 d5 2. c4 e6 3. Nf3 Nd7 4. Nc3 Ngf6 5. Bg5 Be7 6. e3 a6 7. Bd3 dxc4 8. Bxc4
b5 9. Bb3 O-O 10. O-O Bb7 11. Rc1 Rc8 12. Ne5 Re8 *

[Event "gorzyce wielkie"]
[Site "?"]
[Date "2020.02.08"]
[Round "9.45"]
[White "Frackowiak, Lena"]
[Black "Lesien, Chryzostom"]
[Result "*"]
[BlackElo "1160"]
[WhiteElo "1037"]
[LiveChessVersion "1.4.8"]

1. e4 e5 2. Nf3 d6 3. d4 exd4 4. Nxd4 Nf6 5. Nc3 Be7 6. Bc4 O-O 7. O-O c6 8. Nf3
Bg4 9. h3 Bh5 10. Qd3 Bg6 11. Qe3 Nbd7 12. e5 dxe5 13. Nxe5 Nxe5 14. Qxe5 Bxc2
15. Qe2 Bg6 16. Bg5 b5 17. Rfd1 Qc7 18. Bxf6 Bxf6 19. Bb3 b4 20. Na4 h6 21. Qg4
a5 22. Qxg6 Kh8 23. Qf5 Rac8 24. Bc2 g6 25. Qxf6+ Kg8 26. Nc5 Rfe8 27. Rd7 Qe5
28. Qxe5 Rxe5 29. Nd3 Rd5 30. Rxd5 cxd5 31. Bb3 Rd8 32. Rc1 Kg7 33. Rc5 d4 34.
Rxa5 h5 35. Rd5 Rxd5 36. Bxd5 Kf6 37. Kf1 Ke7 38. Ke2 f5 39. Nxb4 Kd6 40. Kd3 Kc5
41. a3 g5 42. g3 f4 43. Bf3 g4 44. hxg4 fxg3 45. fxg3 hxg4 46. Bxg4 Kb5 47. Kxd4
Ka4 48. Bd1+ Kb5 49. g4 Ka5 50. g5 Kb6 51. g6 Ka7 52. g7 Ka8 53. g8=Q+ Kb7 54.
Bf3+ Ka7 55. Qf7+ Kb6 56. Qb7+ Ka5 57. Qa6# *

[Event "gorzyce wielkie"]
[Site "?"]
[Date "2020.02.08"]
[Round "9.46"]
[White "Lisiak, Michal"]
[Black "Nawrowski, Artur"]
[Result "*"]
[BlackElo "1039"]
[WhiteElo "1248"]
[LiveChessVersion "1.4.8"]

1. d4 d5 2. Nf3 Nf6 3. Bg5 e6 4. Nbd2 Be7 5. Bxf6 Bxf6 6. e4 Be7 7. Bd3 c5 8.
Bb5+ Bd7 9. Bxd7+ Nxd7 10. exd5 exd5 11. dxc5 Bxc5 12. Qe2+ Qe7 13. Qxe7+ Bxe7
14. Nb3 Nc5 15. Rd1 Nxb3 16. axb3 O-O-O 17. Ne5 Rhf8 18. O-O f6 19. Nf3 Bc5 20.
c4 dxc4 21. bxc4 Rd7 22. Rxd7 Kxd7 23. Rd1+ Kc6 24. Nd4+ Bxd4 25. Rxd4 Kc7 26.
Kf1 Rd8 27. Rxd8 Kxd8 28. Ke2 Kc7 29. Kd3 b6 30. Kd4 Kc6 31. b3 Kd6 32. b4 a6 33.
f4 a5 34. Kc3 Kc6 35. Kc2 Kd6 36. Kc3 Kc6 37. Kb3 Kd6 38. Kc3 *

[Event "gorzyce wielkie"]
[Site "?"]
[Date "2020.02.08"]
[Round "10.1"]
[White "Pera, Adam"]
[Black "Maciejczak, Jakub"]
[Result "0-1"]
[BlackElo "2313"]
[WhiteElo "1840"]
[LiveChessVersion "1.4.8"]

1. e4 {[%clk 0:03:02]} c6 {[%clk 0:03:03]} 2. c4 {[%clk 0:03:02]} d5
{[%clk 0:03:04]} 3. exd5 {[%clk 0:03:02]} cxd5 {[%clk 0:03:05]} 4. cxd5
{[%clk 0:03:04]} Nf6 {[%clk 0:03:05]} 5. Nc3 {[%clk 0:03:05]} g6 {[%clk 0:03:05]}
6. Bc4 {[%clk 0:03:01]} Bg7 {[%clk 0:03:05]} 7. Nf3 {[%clk 0:03:02]} O-O
{[%clk 0:03:04]} 8. O-O {[%clk 0:03:02]} a6 {[%clk 0:03:04]} 9. a4
{[%clk 0:03:03]} b6 {[%clk 0:02:57]} 10. d4 {[%clk 0:02:54]} Bb7 {[%clk 0:02:45]}
11. Qb3 {[%clk 0:02:55]} a5 {[%clk 0:02:24]} 12. Ne5 {[%clk 0:02:13]} Na6
{[%clk 0:02:12]} 13. Nc6 {[%clk 0:02:05]} Qc7 {[%clk 0:01:52]} 14. Bb5
{[%clk 0:02:01]} Nb4 {[%clk 0:01:40]} 15. Nxb4 {[%clk 0:00:28]} axb4
{[%clk 0:01:40]} 16. Qxb4 {[%clk 0:00:29]} Nxd5 {[%clk 0:01:40]} 17. Nxd5
{[%clk 0:00:15]} Bxd5 {[%clk 0:01:40]} 18. Be3 {[%clk 0:00:09]} e5
{[%clk 0:01:00]} 19. Rfc1 {[%clk 0:00:07]} Qb7 {[%clk 0:01:00]} 20. Bf1
{[%clk 0:00:05]} e4 {[%clk 0:00:41]} 21. Qb5 {[%clk 0:00:03]} Ra5
{[%clk 0:00:38]} 22. Qb4 {[%clk 0:00:05]} f5 {[%clk 0:00:36]} 23. Bf4
{[%clk 0:00:03]} Rf7 {[%clk 0:00:27]} 24. Bc4 {[%clk 0:00:03]} h6
{[%clk 0:00:27]} 25. Bxd5 {[%clk 0:00:04]} Rxd5 {[%clk 0:00:28]} 26. Qc4
{[%clk 0:00:05]} Rxd4 {[%clk 0:00:18]} 27. Qc8+ {[%clk 0:00:06]} Qxc8
{[%clk 0:00:19]} 28. Rxc8+ {[%clk 0:00:07]} Kh7 {[%clk 0:00:20]} 29. Be3
{[%clk 0:00:07]} Rb4 {[%clk 0:00:20]} 30. Ra2 {[%clk 0:00:04]} f4
{[%clk 0:00:20]} 31. Bd2 {[%clk 0:00:03]} Rd4 {[%clk 0:00:21]} 32. b4 0-1

[Event "gorzyce wielkie"]
[Site "?"]
[Date "2020.02.08"]
[Round "10.3"]
[White "Mocny, Tomasz"]
[Black "Wronka, Arkadiusz"]
[Result "1-0"]
[BlackElo "1609"]
[WhiteElo "1768"]
[LiveChessVersion "1.4.8"]

1. c4 {[%clk 0:03:03]} e5 {[%clk 0:03:01]} 2. Nc3 {[%clk 0:03:04]} Nf6
{[%clk 0:03:02]} 3. g3 {[%clk 0:03:05]} c6 {[%clk 0:02:59]} 4. d4
{[%clk 0:03:01]} Bd6 {[%clk 0:02:38]} 5. Bg5 {[%clk 0:02:51]} h6 {[%clk 0:02:33]}
6. Ne4 {[%clk 0:02:42]} Bb4+ {[%clk 0:02:17]} 7. Bd2 {[%clk 0:02:41]} Bxd2+
{[%clk 0:01:59]} 8. Nxd2 {[%clk 0:02:41]} exd4 {[%clk 0:02:00]} 9. c5
{[%clk 0:02:32]} Qa5 {[%clk 0:01:50]} 10. Qc2 {[%clk 0:02:23]} b6
{[%clk 0:01:44]} 11. cxb6 {[%clk 0:02:08]} axb6 {[%clk 0:01:43]} 12. Ngf3
{[%clk 0:01:34]} c5 {[%clk 0:01:36]} 13. Bg2 {[%clk 0:01:31]} Nc6
{[%clk 0:01:35]} 14. O-O {[%clk 0:01:25]} O-O {[%clk 0:01:33]} 15. Nc4
{[%clk 0:01:13]} Qa7 {[%clk 0:01:25]} 16. Qb3 {[%clk 0:00:59]} Rb8
{[%clk 0:01:20]} 17. Rfe1 {[%clk 0:00:51]} d5 {[%clk 0:01:18]} 18. Nce5
{[%clk 0:00:47]} Nxe5 {[%clk 0:01:04]} 19. Nxe5 {[%clk 0:00:48]} Be6
{[%clk 0:01:02]} 20. Nc6 {[%clk 0:00:49]} Qc7 {[%clk 0:00:57]} 21. Nxb8
{[%clk 0:00:49]} Rxb8 {[%clk 0:00:57]} 22. Rec1 {[%clk 0:00:46]} Qd6
{[%clk 0:00:47]} 23. a4 {[%clk 0:00:38]} Ne4 {[%clk 0:00:47]} 24. Qb5
{[%clk 0:00:28]} Nd2 {[%clk 0:00:42]} 25. b4 {[%clk 0:00:21]} Nb3
{[%clk 0:00:42]} 26. bxc5 {[%clk 0:00:19]} Nxc5 {[%clk 0:00:38]} 27. a5
{[%clk 0:00:19]} Bd7 {[%clk 0:00:35]} 28. Qb2 {[%clk 0:00:16]} bxa5
{[%clk 0:00:34]} 29. Qxd4 {[%clk 0:00:17]} Nb3 {[%clk 0:00:35]} 30. Qxd5
{[%clk 0:00:14]} Qxd5 {[%clk 0:00:32]} 31. Bxd5 {[%clk 0:00:15]} Nxc1
{[%clk 0:00:31]} 32. Rxc1 {[%clk 0:00:16]} Rb5 {[%clk 0:00:32]} 33. Bc4
{[%clk 0:00:15]} Rc5 {[%clk 0:00:32]} 34. Bxf7+ Kxf7 {[%clk 0:00:33]} 35. Rxc5
{[%clk 0:00:16]} Ke6 {[%clk 0:00:34]} 36. Rxa5 {[%clk 0:00:16]} Kf6
{[%clk 0:00:31]} 37. f3 {[%clk 0:00:16]} g5 {[%clk 0:00:31]} 38. Kf2
{[%clk 0:00:18]} h5 {[%clk 0:00:29]} 39. h4 {[%clk 0:00:17]} g4 {[%clk 0:00:29]}
40. Rxh5 {[%clk 0:00:17]} gxf3 {[%clk 0:00:30]} 41. exf3 {[%clk 0:00:18]} Kg6
{[%clk 0:00:30]} 42. Rd5 {[%clk 0:00:18]} Bc6 1-0